| 000 | nam a22 7a 4500 | ||
|---|---|---|---|
| 999 |
_c152465 _d152463 |
||
| 005 | 20191028103213.0 | ||
| 008 | 191028b sp ||||| |||| 00| 0 spa d | ||
| 020 | _a9788491482949 | ||
| 050 | 0 | 4 |
_aHQ1460.5 _bM66 2017 |
| 100 | 1 | _aMontanaro Mena, Ana Marcela | |
| 245 | 1 | 4 |
_aUna mirada al feminismo decolonial en América Latina / _cAna Marcela Montanaro Mena |
| 260 |
_aMadrid : _bDykinson, _c2017 |
||
| 300 |
_a158 páginas ; _c21 cm |
||
| 490 | _aReligión y Derechos Humanos | ||
| 650 | 7 |
_2lemb _aFeminismo _zAmérica Latina |
|
| 650 | 7 |
_2lemb _aDescolonización _zAmérica Latina |
|
| 650 | 7 |
_aPostcolonialismo _zAmérica Latina |
|
| 942 |
_2lcc _cLIB |
||